| Tag |
First Indicator |
Second Indicator |
Subfields |
| LEADER |
00000cam a2200000 i 4500 |
| 001 |
in00000185921 |
| 005 |
20151009051855.0 |
| 008 |
741120s1974 njua b 10110 eng |
| 010 |
|
|
|a 74078469
|
| 035 |
|
|
|a (OCoLC)01421115
|
| 035 |
|
|
|9 AAV8012AM
|
| 040 |
|
|
|a DLC
|c DLC
|d TXA
|d UtOrBLW
|
| 049 |
|
|
|a TXAM
|c [1113797]
|
| 050 |
0 |
0 |
|a QD505
|b .S9 1974
|
| 082 |
0 |
|
|a 541/.395
|
| 111 |
2 |
|
|a Symposium on Electrocatalysis
|d (1974 :
|c San Francisco)
|
| 245 |
1 |
0 |
|a Proceedings of the Symposium on Electrocatalysis /
|c edited by Manfred W. Breiter.
|
| 264 |
|
1 |
|a Princeton, N.J. :
|b Physical Electrochemistry Division, Electrochemical Society,
|c [1974]
|
| 264 |
|
4 |
|c [©1974]
|
| 300 |
|
|
|a vii, 378 pages :
|b illustrations ;
|c 23 cm.
|
| 336 |
|
|
|a text
|b txt
|2 rdacontent
|
| 337 |
|
|
|a unmediated
|b n
|2 rdamedia
|
| 338 |
|
|
|a volume
|b nc
|2 rdacarrier
|
| 500 |
|
|
|a Conference held May 13-15, 1974.
|
| 504 |
|
|
|a Includes bibliographical references and index.
|
| 650 |
|
0 |
|a Catalysis
|v Congresses.
|
| 650 |
|
0 |
|a Electrochemistry
|v Congresses.
|
| 700 |
1 |
|
|a Breiter, Manfred W.,
|d 1925-
|
| 999 |
|
|
|a MARS
|
| 999 |
f |
f |
|s c23d5290-e65d-3cad-bb88-e92fc71c822e
|i 6010eb0c-9be3-3bff-b086-83fce72b8f2c
|t 0
|
| 952 |
f |
f |
|p ric
|a Texas A&M University
|b Rellis Campus
|c Joint Library Facility
|s JLF
|d Remote Storage
|t 0
|e QD505 .S9 1974
|h Library of Congress classification
|i unmediated -- volume
|m A14804720722
|
| 998 |
f |
f |
|a QD505 .S9 1974
|t 0
|l Remote Storage
|